Pays finissant en "lande" - Statistiques

Statistiques générales
  • Ce quiz a été pris 465 fois
  • Le résultat moyen est 3 sur 5
Statistiques - réponses
Réponses % Correct
Islande
91%
Irlande
88%
Finlande
72%
Thaïlande
37%
Nouvelle-Zélande
32%
Aucun quiz correspondant
Distribution des résultats
% des personnes avec chaque résultat
Percentile par nombre de réponses
Votre historique - résultats
Vous n’avez pas pris ce quiz